Canciones de Tan Biónica - Estadísticas

Estadísticas generales
  • Esta prueba ha sido intentada 113 veces
  • La puntuación promedio es 35 de 57
Estadísticas de respuestas
Respuesta % Correcto
3 Obsesionario en La Mayor
92%
1 Ciudad mágica
89%
2 Beautiful
86%
1 Ella
86%
4 Loca
86%
2 Arruinarse
85%
2 La melodía de Dios
85%
7 Hola mi vida
80%
14 Lunita de Tucumán
77%
1 Chica biónica
73%
6 Hola noviembre
73%
5 Música
73%
7 Pastillitas del olvido
73%
3 Mis noches de enero
72%
5 El duelo
70%
7 El huracán
68%
12 Pétalos
68%
4 Tus ojos mil
65%
1 Wonderful noches
65%
4 La ensalada
63%
8 La suerte está echada
62%
10 Queso ruso
62%
2 Tus horas mágicas
62%
6 700 toneladas
61%
3 Las cosas que pasan
61%
10 Perdida
61%
6 Dominguicidio
59%
2 Veneno
59%
1 Hola mundo
58%
9 La comunidad
58%
7 Vámonos
56%
11 El color del ayer
55%
10 La otra manera
55%
11 Poema de los cielos
55%
12 Sinfonía de los mares
55%
5 Un poco perdido
55%
10 El asunto
54%
3 Mis madrugaditas
54%
4 Teléfonos
54%
9 Víctimas
54%
8 Mi vida secreta
52%
12 Nací en primavera
52%
11 No me atreví a sugerirte que te mueras
52%
5 Yo te espero
52%
5 Frágil
51%
4 La manera que eligió para matarme
51%
8 Tapa de moda
51%
6 Vidas perfectas
51%
11 Vinidy Swing
51%
8 A.M.E.R.I.C.A.
49%
13 Bye Bye
46%
9 La depresión
46%
9 Momentos de mi vida
44%
2016 Buenas noches otra vez
41%
3 Razón perdida
41%
2014 El mundo es nuestro
34%
2013 Los mismos siempre
32%
No se encontraron pruebas coincidentes
Distribución de puntuación
Porcentaje de gente con cada puntuación
Porcentaje por número respondido
Historial de tus puntuaciones
No has intentado esta prueba.